书目信息 |
| 题名: |
海变
|
|
| 作者: | 鲍里克, 著 ;傅勇林 译 | |
| 分册: | ||
| 出版信息: | 南京 译林出版社 2001.12 |
|
| 页数: | 367页 | |
| 开本: | 21cm | |
| 丛书名: | 当代外国流行小说名篇丛书 | |
| 单 册: | ||
| 中图分类: | I712.45 | |
| 科图分类: | ||
| 主题词: | 长篇小说--chang pian xiao shuo--美国--现代 | |
| 电子资源: | ||
| ISBN: | 7-80657-320-8 | |
| 000 | 01224nam 2200277 450 | |
| 001 | 012008696671 | |
| 005 | 20080316164231.59 | |
| 010 | @a7-80657-320-8@dCNY15.80 | |
| 100 | @a20080316d2001 km y0chiy0120 ea | |
| 101 | 1 | @achi@ceng |
| 102 | @aCN@b320000 | |
| 105 | @ay z 000ay | |
| 106 | @ar | |
| 200 | 1 | @a海变@Ahai bian@f(美) 詹姆斯·鲍里克(James Powlik)著@F(mei)zhan mu si·bao li ke(James Powlik)zhu@g傅勇林译@Gfu yong lin yi |
| 210 | @a南京@c译林出版社@d2001.12 | |
| 215 | @a367页@d21cm | |
| 225 | 2 | @a当代外国流行小说名篇丛书@Adang dai wai guo liu xing xiao shuo ming pian cong shu |
| 330 | @a太平洋西北部海岸,人们在水中或岸上莫名其妙地死去。海洋微生物学家前往调查,找到了杀人真凶;一种繁殖迅速的致命微生物。它是在冷战时期美国军方研制细菌战武器时的遗留物,20年后流入海洋,所到之处,生灵涂炭。而即将到来的超强风暴极有可能将其吹向海岸,直抵西雅图,而毒雾甚至会侵入美国内陆。 | |
| 410 | 0 | @12001 @a当代外国流行小说名篇丛书 |
| 510 | 1 | @aSea Change@zeng |
| 606 | 0 | @a长篇小说@Achang pian xiao shuo@y美国@z现代 |
| 690 | @aI712.45@v4 | |
| 701 | 1 | @a鲍里克,@Abao li ke,@bJ.@g(Powlik, J.)@4著 |
| 702 | 0 | @a傅勇林@Afu yong lin@4译 |
| 801 | 0 | @aCN@bQSSK@c20080316 |
| 905 | @b20285296-99@dI712.45@eB299@f4 | |
| 海变/(美) 詹姆斯·鲍里克(James Powlik)著/傅勇林译.-南京:译林出版社,2001.12 |
| 367页;21cm.-(当代外国流行小说名篇丛书) |
| ISBN 7-80657-320-8:CNY15.80 |
| 太平洋西北部海岸,人们在水中或岸上莫名其妙地死去。海洋微生物学家前往调查,找到了杀人真凶;一种繁殖迅速的致命微生物。它是在冷战时期美国军方研制细菌战武器时的遗留物,20年后流入海洋,所到之处,生灵涂炭。而即将到来的超强风暴极有可能将其吹向海岸,直抵西雅图,而毒雾甚至会侵入美国内陆。 |
| ● |
| 相关链接 |
|
|
|
正题名:海变
索取号:I712.45/B299
 
预约/预借
| 序号 | 登录号 | 条形码 | 馆藏地/架位号 | 状态 | 备注 |
| 1 | 285296 | 202852966 | 文学库116/116文学库 26排2列6层/ [索取号:I712.45/B299] | 在馆 | |
| 2 | 285297 | 202852975 | 文学库116/116文学库 26排2列6层/ [索取号:I712.45/B299] | 在馆 | |
| 3 | 285298 | 202852984 | 社科二线400B/116文学库 26排2列6层/ [索取号:I712.45/B299] | 在馆 | |
| 4 | 285299 | 202852993 | 社科二线400B/116文学库 26排2列6层/ [索取号:I712.45/B299] | 在馆 |